000 00236 a2200097 4500
001 39870
100 _aClark H
245 _aFirst Course in Quantum Mechanics
260 _aEngland
_bVan Nostrand Reinheld
_c1982
090 _c24867
_d24867
942 _aNUST-CAE
_cM
_c16521
999 _c274943
_d274943